[Event "Washington Class Championships"]
[Site "Seattle, WA"]
[Date "2015.11.28"]
[Round "3"]
[White "Pothukuchi Revanth  (WA)"]
[Black "Smolak Frederick  (WA)"]
[Result "1-0"]
[WhiteElo "1516"]
[BlackElo "1389"]
[Annotator ""]
[Source ""]
[Remark "Class C"]

1.e4 e6 2.d4 d5 3.Nd2 Nf6 4.e5 Nfd7 5.Ngf3 c5 6.c3 Nc6 7.Be2
Qb6 8.Qb3 cxd4 9.Qxb6 Nxb6 10.cxd4 Be7 11.O-O O-O 12.Nb3 Bd7
13.Be3 Rfc8 14.Rac1 a5 15.Nc5 Rab8 16.Nxd7 Nxd7 17.Bb5 Nb6 18.a4
Na7 19.Bd2 Bb4 20.Bxb4 axb4 21.Rc5 Rxc5 22.dxc5 Nbc8 23.Nd4 Nxb5
24.axb5 Ra8 25.Rd1 Ne7 26.f4 Rc8 27.Rc1 h6 28.h4 Nf5 29.Nxf5
exf5 30.Kf2 Kf8 31.Ke3 Ke7 32.Kd4 Ke6 33.c6 b6 34.Ra1 g5 35.g3
gxf4 36.gxf4 Rg8 37.Ra6 Rb8 38.c7 Rc8 39.Rxb6+ Kd7 40.Rc6 Rxc7
41.Rxc7+ Kxc7 42.Kxd5 Kb6 43.Kd6 Kxb5 44.Ke7 Ka4 45.Kxf7 Kb3
46.e6 Kxb2 47.e7 b3 48.e8Q Kc2 49.Qa4 Kc3 50.Qa3 Kc2 51.Qc5+
Kb2 52.Ke6 Ka2 53.Qa5+ Kb1 54.Qxf5+ 1-0

[Event "Washington Class Championships"]
[Site "Seattle, WA"]
[Date "2015.11.28"]
[Round "4"]
[White "Chen Minda  (WA)"]
[Black "Zhang Kyle  (WA)"]
[Result "1/2-1/2"]
[WhiteElo "1373"]
[BlackElo "1149"]
[Annotator ""]
[Source ""]
[Remark "Class D"]

1.d4 d5 2.c4 c6 3.Nc3 Nf6 4.cxd5 cxd5 5.Bf4 Nc6 6.e3 e6 7.Nf3
Bd6 8.Bg3 O-O 9.Bd3 a6 10.Qc2 Nb4 11.Qd2 Nxd3+ 12.Qxd3 b5 13.Bxd6
Qxd6 14.O-O Bb7 15.Rac1 Rac8 16.Ne5 Rc7 17.Rfd1 Rfc8 18.Rb1 Bc6
19.a3 Rb7 20.Ne2 Be8 21.Qb3 Nd7 22.Nf3 f6 23.Ng3 Rbc7 24.e4 dxe4
25.Nxe4 Qe7 26.Nc3 Nb6 27.Re1 Bf7 28.d5 Nc4 29.Rbd1 Rd7 30.Qc2
e5 31.Re2 Rcd8 1/2-1/2

[Event "Washington Class Championships"]
[Site "Seattle, WA"]
[Date "2015.11.28"]
[Round "3"]
[White "Chivers Roman  (WA)"]
[Black "Kypriotakis Kyriakos  (OR)"]
[Result "1-0"]
[WhiteElo "693"]
[BlackElo "1069"]
[Annotator ""]
[Source ""]
[Remark "Class E"]

1.e4 e6 2.Nf3 d5 3.exd5 exd5 4.d4 Nf6 5.Bd3 Bd6 6.O-O O-O 7.Bg5
h6 8.Bh4 c6 9.Ne5 Qb6 10.Bxf6 Qxb2 11.Nd2 Qxd4 12.Ndf3 Qc3 13.Ng5
Bxe5 14.Bh7+ Kh8 15.Bxe5 Qxe5 16.Nxf7+ Rxf7 17.Re1 Qf6 18.Re8+
Kxh7 19.Qd3+ Bf5 20.Qd1 Bxc2 21.Qxc2+ g6 22.Rf1 Re7 23.Qb3 b5
24.Rc8 d4 25.Qg8# 1-0

[Event "Washington Class Championships"]
[Site "Seattle, WA"]
[Date "2015.11.28"]
[Round "3"]
[White "Zhang Kyle  (WA)"]
[Black "Wilke Daniel  (WA)"]
[Result "1/2-1/2"]
[WhiteElo "1149"]
[BlackElo "1360"]
[Annotator ""]
[Source ""]
[Remark "Class D"]

1.e4 e5 2.Nf3 Nf6 3.Nc3 Bb4 4.Bc4 Bxc3 5.bxc3 Nc6 6.d3 d5 7.exd5
Nxd5 8.Bb2 Bg4 9.Bxd5 Qxd5 10.c4 Bxf3 11.cxd5 Bxd1 12.Rxd1 Nb4
13.Bxe5 Nxd5 14.Bxg7 Rg8 15.Be5 Rxg2 16.Bg3 f5 17.Ke2 f4 18.Kf3
Rxg3+ 19.hxg3 fxg3 20.Kxg3 Nf6 21.Kg2 Ke7 22.Rde1+ Kd6 23.Rh6
Rg8+ 24.Kf1 Rg6 25.Rxg6 hxg6 26.Kg2 g5 27.Rb1 b6 28.Rb4 c5 29.Ra4
a5 30.Kf3 Ke5 31.c3 Kd5 32.Kg3 Kd6 33.Kf3 Kd5 34.Ke3 Kd6 35.Ra3
Ng4+ 36.Kf3 Ne5+ 37.Ke4 c4 38.dxc4 1/2-1/2

[Event "Washington Class Championships"]
[Site "Seattle, WA"]
[Date "2015.11.28"]
[Round "3"]
[White "Tang Emily  (WA)"]
[Black "Haining Breck  (WA)"]
[Result "1-0"]
[WhiteElo "859"]
[BlackElo "1345"]
[Annotator ""]
[Source ""]
[Remark "Class D"]

1.e4 g6 2.d4 Bg7 3.Nf3 d6 4.Nc3 Nf6 5.Bd3 O-O 6.h3 Nbd7 7.Be3
c5 8.O-O cxd4 9.Nxd4 Ne5 10.Be2 a6 11.Qd2 b5 12.a3 Bb7 13.Bd3
Nxd3 14.cxd3 Re8 15.Rac1 Nd7 16.Nf3 Ne5 17.Nxe5 Bxe5 18.d4 Bh8
19.Rfe1 Rc8 20.b3 e5 21.d5 Bf6 22.Ne2 Kg7 23.Bh6+ Kh8 24.Ng3
Rg8 25.Qe3 Bg7 26.Bxg7+ Kxg7 27.Qf3 Rxc1 28.Rxc1 Qe7 29.Qg4 Kh8
30.Rc3 h5 31.Nxh5 gxh5 32.Qxh5+ Kg7 33.Rg3+ Kf8 34.Qh6+ Ke8 35.Rxg8+
Kd7 36.Rb8 Bc8 37.Qe3 Qd8 38.Ra8 a5 39.Ra7+ Ke8 40.Qf3 Bd7 41.Qg3
Ke7 42.b4 axb4 43.axb4 Qc8 44.Qh4+ f6 45.Qh7+ Kd8 46.Qh8+ Be8
47.Qxf6# 1-0

[Event "Washington Class Championships"]
[Site "Seattle, WA"]
[Date "2015.11.28"]
[Round "3"]
[White "Vega Isaac  (OR)"]
[Black "Zhang Eric  (WA)"]
[Result "1/2-1/2"]
[WhiteElo "1605"]
[BlackElo "1795"]
[Annotator ""]
[Source ""]
[Remark "Class A"]

1.e4 c5 2.Nc3 Nc6 3.Bb5 g6 4.Bxc6 dxc6 5.f4 Bg7 6.Nf3 Nf6 7.d3
O-O 8.O-O Re8 9.Qe1 Bg4 10.Qh4 Bxf3 11.Rxf3 Nd7 12.Rh3 h5 13.f5
e6 14.fxg6 fxg6 15.Bg5 Bf6 16.Bxf6 Nxf6 17.Qg5 Kh7 18.Rf1 Qd4+
19.Qe3 Kg7 20.Rhf3 Rf8 21.Nd1 e5 22.c3 Qxe3+ 23.Nxe3 Nd7 24.Nc4
Rxf3 25.Rxf3 Rf8 26.Rxf8 Kxf8 27.Nd6 c4 28.Nxc4 c5 29.a4 b6 30.Kf2
a5 31.Ke3 Ke7 32.d4 exd4+ 33.cxd4 cxd4+ 34.Kxd4 Ke6 35.h4 Kf6
36.Kd5 g5 37.hxg5+ Kxg5 38.e5 Kg4 39.e6 Nf6+ 40.Ke5 Ne8 41.e7
Kg3 42.Nd6 Nc7 43.e8Q Nxe8 44.Nxe8 Kxg2 45.Nf6 h4 46.Ng4 h3 47.Kf4
Kf1 48.Kf3 Ke1 49.Ke3 Kf1 50.Kf3 Ke1 51.Ke3 Kf1 52.Kf3 Ke1 53.Ke3 1/2-1/2

[Event "Washington Class Championships"]
[Site "Seattle, WA"]
[Date "2015.11.28"]
[Round "3"]
[White "Humphrey David  (WA)"]
[Black "Little Jack  (WA)"]
[Result "1-0"]
[WhiteElo "1204"]
[BlackElo "1320"]
[Annotator ""]
[Source ""]
[Remark "Class D"]

1.e4 e5 2.Nf3 Nc6 3.Bc4 Bc5 4.Nc3 Nf6 5.d3 d6 6.h3 Be6 7.Bb3
Qd7 8.Be3 Bb6 9.Nd5 Bxd5 10.exd5 Ne7 11.c4 Ba5+ 12.Nd2 e4 13.d4
c6 14.dxc6 Nxc6 15.O-O O-O 16.a3 Rfe8 17.Ba4 d5 18.c5 Bc7 19.b4
a6 20.Nb1 Qf5 21.Nc3 Qg6 22.b5 axb5 23.Nxb5 Ba5 24.Rb1 b6 25.Nc7
Nd7 26.Bxc6 Qxc6 27.cxb6 Nxb6 28.Nxa8 Rxa8 29.Qb3 h6 30.Rfc1
Nc4 31.Qb7 Qe8 32.Qxd5 Nxe3 33.fxe3 Bd2 34.Rc7 Bxe3+ 35.Kh1 Rxa3
36.Rf1 ( 36.Rb8 {and mate in 9 or less} ) Rd3 37.Rcxf7 Qxf7 38.Qxf7+
Kh7 39.Qf5+ Kh8 40.Qxe4 Ra3 41.Rf8# 1-0

[Event "Washington Class Championships"]
[Site "Seattle, WA"]
[Date "2015.11.28"]
[Round "3"]
[White "Menkov Artjom  (WA)"]
[Black "Tien Sophie  (WA)"]
[Result "1/2-1/2"]
[WhiteElo "1572"]
[BlackElo "1321"]
[Annotator ""]
[Source ""]
[Remark "Class C"]

1.e4 e5 2.Nf3 Nc6 3.d4 exd4 4.Nxd4 Bc5 5.Be3 Qf6 6.c3 Nge7 7.Bc4
O-O 8.O-O Bb6 9.f4 d6 10.Nc2 Be6 11.Bd5 Rfe8 12.Bxb6 axb6 13.Nba3
Qh6 14.Ne3 Kh8 15.Qd3 Ng8 16.Nb5 Rac8 17.Nd4 Bxd5 18.Ndf5 Qg6
19.Nxd5 Nf6 20.Rae1 Nxd5 21.Qxd5 Ra8 22.Re3 Qe6 23.Rg3 g6 24.Nh6
Qxd5 25.exd5 Nd8 26.a3 Ra5 27.c4 Re2 28.b4 Ra4 29.Rc3 Kg7 30.Ng4
f5 31.Ne3 Nf7 32.Rd1 c6 33.Kf1 Ra2 34.Nc2 Ra8 35.Re1 Rc8 36.dxc6
bxc6 37.Re7 Rb8 38.Ke2 Rb2 39.Kd2 Rb1 40.Nd4 c5 41.Nc6 Rc8 42.b5
Rg1 43.Rg3 Ra1 44.Rb7 Re8 45.Rxb6 Ra2+ 46.Kd1 Ree2 47.Na5 Rf2
48.Ke1 Rfb2 49.Rd3 Rxg2 50.Kf1 Rxh2 51.Kg1 Rhb2 52.Rf3 Rg2+ 53.Kf1
Rgb2 54.Kg1 1/2-1/2

[Event "Washington Class Championships"]
[Site "Seattle, WA"]
[Date "2015.11.28"]
[Round "3"]
[White "Weller Stephen  (WA)"]
[Black "Magnani Christopher  (WA)"]
[Result "0-1"]
[WhiteElo "1185"]
[BlackElo "1309"]
[Annotator ""]
[Source ""]
[Remark "Class D"]

1.f4 d5 2.b3 Nf6 3.Bb2 e6 4.Nf3 c5 5.e3 Be7 6.Be2 Nc6 7.Ne5 O-O
8.O-O Qc7 9.Na3 a6 10.d3 b5 11.Bf3 Bb7 12.c4 b4 13.Nc2 Rfd8 14.a3
a5 15.Qe2 d4 16.exd4 Nxd4 17.Nxd4 cxd4 18.a4 Rab8 19.Rae1 Qc5
20.Bxb7 Rxb7 21.Qf3 Rc7 22.f5 Bd6 23.Ng4 Nxg4 24.Qxg4 e5 25.f6
g6 26.Qh4 Bf8 27.Rf3 Rd6 28.Rh3 h6 29.Bc1 h5 30.g4 e4 31.Rxe4
Rcc6 32.Bg5 Bh6 33.Re8+ Kh7 34.Bxh6 Re6 35.Bg7 Rxe8 36.gxh5 Rce6
37.hxg6+ Kxg6 38.Qh6+ ( 38.Qg4+ Qg5 39.Rh6# ) Kf5 39.Rh5+
( 39.Qh5+ Kf4 40.Rf3# ) Kg4 40.Rh4+ Kf3 41.Rf4+ Ke2 42.Rf2+ Kxd3
43.Qd2+ Ke4 44.Rf4+ ( 44.Qe2# ) Ke5 45.Qf2 Qb6 46.Rf5+ Kd6 47.Bf8+
Kd7 48.Rd5+ Kc8 49.Bc5 Re1+ 50.Qxe1 Rxe1+ 51.Kf2 Qe6 52.Bxd4
Qe2+ 53.Kg3 Qd3+ 54.Kf2 Re2+ 0-1

[Event "Washington Class Championships"]
[Site "Seattle, WA"]
[Date "2015.11.28"]
[Round "3"]
[White "Sullivan Brian  (CAN)"]
[Black "Bonrud Neal  (WA)"]
[Result "0-1"]
[WhiteElo "1722"]
[BlackElo "1747"]
[Annotator ""]
[Source ""]
[Remark "Class B"]

1.d4 e6 2.e4 d5 3.e5 c5 4.c3 Nc6 5.Nf3 f6 6.Be2 cxd4 7.cxd4 Qa5+
8.Bd2 Qb6 9.Bc3 fxe5 10.O-O e4 11.Ne5 Nxe5 12.dxe5 Ne7 13.Bd4
Qc7 14.Nc3 a6 15.Rc1 Nc6 16.Na4 Qf7 17.Nb6 Rb8 18.f3 Qg6 19.f4
Qf7 20.Bg4 g6 21.Nxc8 Rxc8 22.f5 Bh6 23.fxe6 Qe7 24.Rc3 Rf8 25.Rf7
Qb4 26.a3 Qa5 27.Rxb7 Rc7 28.Bb6 Qxc3 29.Rxc7 Be3+ 30.Kh1 Qd2
31.Rc8+ Ke7 32.Rxf8 Qxd1+
{The move Qxd1 would indicate that the Bishop is no longer on g4.  The
scoresheet does not indicate this, but I cannot imagine both players totally
missing its existance.  I have to imagine a sequence like ??.h5 Bh3 must have occurred and not made it onto the scoresheet.}
 0-1

[Event "Washington Class Championships"]
[Site "Seattle, WA"]
[Date "2015.11.28"]
[Round "3"]
[White "Deng Samuel  (WA)"]
[Black "Smith Catherine M  (WA)"]
[Result "1/2-1/2"]
[WhiteElo "1615"]
[BlackElo "1640"]
[Annotator ""]
[Source ""]
[Remark "Class B"]

1.d4 d5 2.c4 c6 3.Nc3 Nf6 4.e3 Bf5 5.Qb3 Qb6 6.Nf3 Qxb3 7.axb3
e6 8.c5 Nbd7 9.b4 Be7 10.b5 O-O 11.b4 Ne4 12.Bb2 h6 13.Nxe4 Bxe4
14.Nd2 Bg6 15.Nb3 Bd8 16.b6 a6 17.Na5 Rb8 18.Kd2 Bf6 19.Bxa6
bxa6 20.Nxc6 Nxb6 21.cxb6 Rxb6 22.Rhc1 Re8 23.Ra4 Kh7 24.Na5
Be7 25.Nc6 Bd6 26.Ba3 f6 27.Rc3 Ra8 28.b5 Bxa3 29.Rcxa3 Rxb5
30.Ra2 a5 31.Rxa5 Rbxa5 32.Rxa5 Rxa5 33.Nxa5 Bf7 34.Kd3 f5 35.Nc6
Kg6 36.Ke2 Kf6 37.Ne5 Bh5+ 38.f3 g5 39.g4 Be8 40.Kf2 1/2-1/2

[Event "Washington Class Championships"]
[Site "Seattle, WA"]
[Date "2015.11.28"]
[Round "3"]
[White "Anand Vignesh  (WA)"]
[Black "Puri Ishaan  (WA)"]
[Result "0-1"]
[WhiteElo "1525"]
[BlackElo "1721"]
[Annotator ""]
[Source ""]
[Remark "Class B"]

1.d4 Nf6 2.Nf3 g6 3.Bf4 Bg7 4.e3 d6 5.c3 O-O 6.h3 Bf5 7.Nbd2
c5 8.Be2 a6 9.a4 Nbd7 10.O-O Ne4 11.Nxe4 Bxe4 12.Ng5 Nf6 13.Bf3
Bxf3 14.Qxf3 b5 15.Rfd1 Qb6 16.Qe2 h6 17.Nf3 Rfd8 18.Bh2 Rac8
19.axb5 axb5 20.Rac1 c4 21.e4 Qc6 22.d5 Qb6 23.Nd4 Nd7 24.Nc6
Rxc6 25.dxc6 Qxc6 26.Bf4 Nc5 27.e5 Nd3 28.Rxd3 cxd3 29.Qxd3 d5
30.e6 Qxe6 31.Qxb5 Qd7 32.Qxd7 Rxd7 33.Re1 e6 34.g4 Rb7 35.Re2
Kf8 36.Kf1 Ke7 37.Ke1 g5 38.Be3 Kd6 39.Kd1 Rb5 40.Kc2 e5 41.Rd2
Kc6 42.b3 Ra5 43.Kb2 Ra8 44.b4 Rd8 45.Rc2 Kb5 46.Bc5 d4 47.cxd4
exd4 48.Be7 d3+ 49.Kc1 Rd7 50.Rc5+ Kb6 51.Bxg5 hxg5 52.Rxg5 Bh6
53.f4 Bxg5 54.fxg5 Rd5 55.h4 Rd4 56.Kd2 Rxg4 57.Kxd3 Rxh4 58.Ke3
Rg4 0-1

[Event "Washington Class Championships"]
[Site "Seattle, WA"]
[Date "2015.11.28"]
[Round "3"]
[White "Armstrong Dominic  (WA)"]
[Black "Mathews Daniel  (WA)"]
[Result "0-1"]
[WhiteElo "1640"]
[BlackElo "1724"]
[Annotator ""]
[Source ""]
[Remark "Class B"]

1.d4 d5 2.c4 Nf6 3.cxd5 Nxd5 4.e4 Nf6 5.Nc3 e6 6.Be3 Be7 7.Bc4
c6 8.f3 Nbd7 9.Nge2 b5 10.Bb3 Nb6 11.Bf2 a5 12.a4 b4 13.Nb1 Ba6
14.O-O O-O 15.Nd2 Nfd7 16.Rc1 Rc8 17.Nc4 Nxc4 18.Bxc4 Bxc4 19.Rxc4
c5 20.dxc5 Bxc5 21.Qc1 Bxf2+ 22.Rxf2 Rxc4 23.Qxc4 Ne5 24.Qd4
Qc7 25.Nf4 Rd8 26.Qe3 Rd1+ 27.Rf1 Nc4 28.Qe2 Rd2 29.Nxe6 fxe6
30.Qe1 Rxb2 31.Qh4 Ne3 0-1

[Event "Washington Class Championships"]
[Site "Seattle, WA"]
[Date "2015.11.28"]
[Round "4"]
[White "Deng Samuel  (WA)"]
[Black "Kriewall David  (WA)"]
[Result "1/2-1/2"]
[WhiteElo "1615"]
[BlackElo "1773"]
[Annotator ""]
[Source ""]
[Remark "Class B"]

1.d4 Nf6 2.c4 c5 3.d5 b5 4.cxb5 a6 5.bxa6 g6 6.Nc3 Bxa6 7.e4
Bxf1 8.Kxf1 d6 9.Nf3 Bg7 10.g3 O-O 11.Kg2 Qa5 12.h3 Nfd7 13.Bd2
Nb6 14.Qb3 N8d7 15.a4 Qb4 16.Qc2 Nc4 17.Ra2 Nxd2 18.Nxd2 Rfb8
19.Rc1 c4 20.Nd1 Nc5 21.Nxc4 Nb3 22.Rb1 Rxa4 23.Rxa4 Qxa4 24.Nd2
Qa2 25.Nxb3 Qxb3 26.Qxb3 Rxb3 27.Rc1 Bd4 28.Rc2 1/2-1/2

[Event "Washington Class Championships"]
[Site "Seattle, WA"]
[Date "2015.11.28"]
[Round "4"]
[White "Elisara Travis  (WA)"]
[Black "Sullivan Brian  (CAN)"]
[Result "1-0"]
[WhiteElo "1557"]
[BlackElo "1722"]
[Annotator ""]
[Source ""]
[Remark "Class B"]

1.Nc3 d5 2.d4 Nf6 3.Bg5 e6 4.e4 dxe4 5.Nxe4 Be7 6.Nxf6+ Bxf6
7.Bxf6 Qxf6 8.Nf3 O-O 9.Bd3 Nc6 10.O-O Ne7 11.Ne5 c5 12.c3 b6
13.Be4 Rb8 14.Ng4 Qf4 15.Bf3 Rd8 16.g3 Qc7 17.Re1 Bb7 18.Bxb7
Qxb7 19.h4 Nf5 20.Ne3 cxd4 21.Nxf5 exf5 22.cxd4 Qd5 23.Re5 Qxd4
24.Re8+ 1-0

[Event "Washington Class Championships"]
[Site "Seattle, WA"]
[Date "2015.11.28"]
[Round "4"]
[White "Yang Jason  (WA)"]
[Black "Vega Isaac  (OR)"]
[Result "1/2-1/2"]
[WhiteElo "1800"]
[BlackElo "1605"]
[Annotator ""]
[Source ""]
[Remark "Class A"]

1.d4 Nf6 2.c4 g6 3.Nc3 Bg7 4.e4 d6 5.Nf3 O-O 6.Be2 e5 7.O-O Nc6
8.d5 Ne7 9.Ne1 Nd7 10.Be3 f5 11.f3 f4 12.Bf2 g5 13.b4 Ng6 14.Nd3
Nf6 15.c5 h5 16.Rc1 Rf7 17.b5 g4 18.Qb3 Bf8 19.b6 h4 20.bxc7
Qe8 21.cxd6 g3 22.hxg3 hxg3 23.Bc5 Nd7 24.Qa4 Rh7 25.Nf2 gxf2+
26.Kxf2 Qf7 27.Nb5 Qf6 28.Ke1 Nxc5 29.Rxc5 Bd7 30.Qc4 Bc8 31.Qa4
Bd7 32.Qc2 1/2-1/2

[Event "Washington Class Championships"]
[Site "Seattle, WA"]
[Date "2015.11.28"]
[Round "4"]
[White "Hosford Michael  (WA)"]
[Black "Olin Neo  (WA)"]
[Result "1/2-1/2"]
[WhiteElo "1965"]
[BlackElo "1989"]
[Annotator ""]
[Source ""]
[Remark "Expert"]

1.e4 e5 2.Nf3 Nc6 3.d4 exd4 4.Bc4 Nf6 5.e5 d5 6.Bb5 Ne4 7.Nxd4
Bd7 8.Bxc6 bxc6 9.O-O Rb8 10.f3 Nc5 11.f4 Ne6 12.f5 Nxd4 13.Qxd4
Rb4 14.Qf2 Re4 15.e6 fxe6 16.Nc3 Re5 17.fxe6 Bxe6 18.Bf4 Rf5
19.Rae1 Rf6 20.Qxa7 Kd7 21.Rd1 Qb8 22.Qxb8 Bc5+ 23.Kh1 Rxb8 24.Ne4
Be7 25.Nxf6+ Bxf6 26.b3 Ra8 27.a4 Bf5 28.Rd2 Re8 29.h3 Bc3 30.Rdf2
Be1 31.Bxc7 Bxf2 1/2-1/2

[Event "Washington Class Championships"]
[Site "Seattle, WA"]
[Date "2015.11.28"]
[Round "4"]
[White "Campbell Tim  (WA)"]
[Black "Shaji Karthik  (WA)"]
[Result "1-0"]
[WhiteElo "1726"]
[BlackElo "1786"]
[Annotator ""]
[Source ""]
[Remark "Class A"]

1.e4 c5 2.Nf3 d6 3.d4 cxd4 4.Qxd4 Nc6 5.Bb5 Bd7 6.Bxc6 Bxc6 7.Nc3
Nf6 8.Bg5 e5 9.Qd3 a6 10.O-O-O Qc7 11.Bxf6 gxf6 12.Nd5 Bxd5 13.Qxd5
O-O-O 14.Nh4 Kb8 15.Nf5 h5 16.Rd3 Rg8 17.g3 Rg5 18.Rhd1 Rxf5
19.exf5 Qd7 20.Qf3 Rc8 21.Qxh5 Qa4 22.Rb3 d5 23.Qxf7 Qxa2 {??}
24.Qxb7# 1-0

[Event "Washington Class Championships"]
[Site "Seattle, WA"]
[Date "2015.11.28"]
[Round "4"]
[White "Wynn Scott  (WA)"]
[Black "Richards Jerrold  (WA)"]
[Result "1/2-1/2"]
[WhiteElo "1282"]
[BlackElo "1421"]
[Annotator ""]
[Source ""]
[Remark "Class C"]

1.d4 d5 2.c4 Nf6 3.cxd5 Nxd5 4.e4 Nf6 5.Nc3 e6 6.a3 a6 7.Nf3
Nc6 8.Bg5 Be7 9.Bc4 O-O 10.O-O b5 11.Bb3 Bb7 12.Rc1 Na5 13.Bc2
Nc4 14.Rb1 Rc8 15.Re1 c5 16.dxc5 Rxc5 17.Qxd8 Rxd8 18.b4 Rc7
19.Rb3 h6 20.Bf4 Rcd7 21.a4 Bc6 22.axb5 axb5 23.h3 g5 24.Be5
Nd2 25.Nxd2 Rxd2 26.Rb2 Ne8 27.Kf1 Bxb4 28.Re2 f6 29.Bxf6 Nxf6
30.Rxb4 R8d4 31.Rxd4 Rxd4 32.e5 Nd5 33.Ne4 b4 34.Bb3 Bb5 35.Nf6+
Kf7 36.Nxd5 Bxe2+ 37.Kxe2 exd5 38.f3 Ke6 39.Ke3 Kxe5 40.g3 h5
41.h4 Rc4 42.Bxc4 dxc4 43.hxg5 Kf5 44.f4 1/2-1/2

[Event "Washington Class Championships"]
[Site "Seattle, WA"]
[Date "2015.11.28"]
[Round "4"]
[White "Menkov Artjom  (WA)"]
[Black "Pothukuchi Revanth  (WA)"]
[Result "1-0"]
[WhiteElo "1572"]
[BlackElo "1516"]
[Annotator ""]
[Source ""]
[Remark "Class C"]

1.e4 c5 2.Nf3 e6 3.d4 cxd4 4.Nxd4 a6 5.Be2 Qc7 6.Bf3 Nf6 7.O-O
Be7 8.Nc3 O-O 9.Bg5 d6 10.Re1 Nbd7 11.Nb3 Rb8 12.a4 Ne5 13.Be2
Ng6 14.Qd2 Bd7 15.Be3 Bc6 16.f3 Rfd8 17.a5 Nd7 18.g3 Nc5 19.Ra3
Rbc8 20.Bf1 Ne5 21.Qf2 Be8 22.h3 Ncd7 23.Ra4 Nc5 24.Ra3 f6 25.f4
Ned7 26.Nd4 Bf7 27.b4 d5 28.exd5 exd5 29.Nf5 Bf8 30.bxc5 Nxc5
31.Raa1 Nd7 32.Bd4 Re8 33.Ne3 Bc5 34.Ncxd5 Bxd5 35.Nxd5 Qd6 36.Rxe8+
Rxe8 37.Bc4 Kh8 38.Bxc5 Nxc5 39.Re1 Rxe1+ 40.Qxe1 h6 41.Qe8+
Kh7 42.Nxf6+ Qxf6 43.Bg8+ Kh8 44.Bf7+ Kh7 45.Qg8# 1-0

[Event "Washington Class Championships"]
[Site "Seattle, WA"]
[Date "2015.11.28"]
[Round "4"]
[White "He Daniel  (WA)"]
[Black "Haining Kyle  (WA)"]
[Result "1-0"]
[WhiteElo "2241"]
[BlackElo "2197"]
[Annotator ""]
[Source ""]
[Remark "Master"]

1.c4 g6 2.g3 Bg7 3.Bg2 c5 4.Nc3 Nc6 5.e4 Nf6 6.Nge2 O-O 7.O-O
d6 8.d3 a6 9.h3 Rb8 10.a4 Ne8 11.Be3 Nc7 12.d4 b5 13.cxb5 axb5
14.axb5 Nxb5 15.dxc5 dxc5 16.Bxc5 Nd6 17.Rb1 Ba6 18.Qa4 Qc8 19.Rfe1
Ne5 20.Bd4 Qc4 21.Qa1 Nd3 22.Bxg7 Kxg7 23.b3 Rxb3 24.Red1 Rxb1
25.Rxb1 f6 26.Bf1 Rc8 27.Nd5 Nxe4 28.Nb6 Qc5 29.Nd4 Qc3 30.Nxc8
Qd2 31.Be2 Ndxf2 32.Qa3 Qxd4 33.Qxe7+ Kh6 34.Qf8+ Kg5 35.h4+
Kf5 36.Ne7+ Ke6 37.Nc6 Nh3+ 38.Kh1 Nxg3+ 39.Kh2 Qf2+ 40.Kxh3
Qxe2 41.Nd4+ 1-0

[Event "Washington Class Championships"]
[Site "Seattle, WA"]
[Date "2015.11.28"]
[Round "4"]
[White "Skorchenko Dmitry  (WA)"]
[Black "Schill William  (WA)"]
[Result "1/2-1/2"]
[WhiteElo "2563"]
[BlackElo "2265"]
[Annotator ""]
[Source ""]
[Remark "Master"]

1.e4 c5 2.Nf3 Nc6 3.d4 cxd4 4.Nxd4 e5 5.Nb5 d6 6.c4 g6 7.b3 a6
8.N5c3 Nd4 9.Nd5 Be6 10.Nbc3 Bg7 11.Bd3 Nf6 12.O-O Nxd5 13.exd5
Bf5 14.Bxf5 Nxf5 15.Ne4 O-O 16.Bg5 f6 17.Bd2 Rf7 18.Kh1 Nd4 19.Bc3
f5 20.Bxd4 exd4 21.Nd2 Qf6 22.Re1 Re7 23.Rxe7 Qxe7 24.Nf3 Re8
25.Qd2 Qe2 26.Re1 Qxd2 27.Rxe8+ Kf7 28.Nxd2 Kxe8 29.Kg1 d3 30.Kf1
Bc3 31.Ke1 Ke7 32.Kd1 Bd4 33.f4 Kf6 34.Nf3 Be3 35.g3 h6 36.Ne1
Bg1 37.Nf3 Be3 1/2-1/2

[Event "Washington Class Championships"]
[Site "Seattle, WA"]
[Date "2015.11.28"]
[Round "4"]
[White "Tiglon Bryce  (WA)"]
[Black "Pupols Viktors  (WA)"]
[Result "1-0"]
[WhiteElo "2337"]
[BlackElo "2213"]
[Annotator ""]
[Source ""]
[Remark "Master"]

1.e4 e5 2.Nf3 Nc6 3.Nc3 Be7 4.d4 d6 5.h3 Nf6 6.dxe5 dxe5 7.Qxd8+
Bxd8 8.Bb5 Nd7 9.Be3 O-O 10.O-O-O a6 11.Bxc6 bxc6 12.Rd2 Bf6
13.Na4 Re8 14.Nc5 Nxc5 15.Bxc5 g6 16.Rhd1 Be6 17.Be3 Kg7 18.Bg5
h6 19.Bxf6+ Kxf6 20.Rd3 c5 21.Rc3 c4 22.Nd2 Rad8 23.Nxc4 Rd4
24.Ne3 Rxe4 25.Rxc7 Kg5 26.Rc6 a5 27.Rc5 a4 28.Rd3 Kf6 29.f3
Rd4 30.Rxd4 exd4 31.Nd5+ Ke5 32.Nc7+ Kd6 33.Nxe6 Rxe6 34.Rc4
Kd5 35.Rxa4 Re2 36.Ra5+ Ke6 37.Ra6+ Ke5 38.b4 Rxg2 39.b5 d3 40.cxd3
Kd4 41.b6 Rg5 42.Ra4+ Kxd3 43.Rb4 1-0

[Event "Washington Class Championships"]
[Site "Seattle, WA"]
[Date "2015.11.28"]
[Round "4"]
[White "Lawler Aidan  (WA)"]
[Black "Humphrey David  (WA)"]
[Result "0-1"]
[WhiteElo "1347"]
[BlackElo "1204"]
[Annotator ""]
[Source ""]
[Remark "Class D"]

1.e4 c5 2.Nc3 d6 3.f4 Nc6 4.Bb5 Bd7 5.Nf3 g6 6.d3 Bg7 7.O-O e6
8.Qe1 Nge7 9.Bxc6 Bxc6 10.Qg3 Qd7 11.e5 Nf5 12.Qe1 d5 13.Bd2
d4 14.Ne2 O-O 15.Ng3 Nxg3 16.Qxg3 f6 17.Rae1 f5 18.c3 dxc3 19.bxc3
Qxd3 20.Qh4 Bxf3 21.Rxf3 Qxd2 22.Rh3 Kf7 23.Qf2 Qxf2+ 24.Kxf2
h5 25.Rd3 Rad8 26.Red1 Ke7 27.Rxd8 Rxd8 28.Rb1 b6 29.h3 Rd2+
30.Kf3 Rd3+ 31.Kf2 Rxc3 32.Re1 Rc4 33.Kf3 Rd4 34.g4 Rd3+ 35.Kg2
hxg4 36.hxg4 fxg4 0-1

[Event "Washington Class Championships"]
[Site "Seattle, WA"]
[Date "2015.11.28"]
[Round "4"]
[White "Fields Noah  (WA)"]
[Black "Sherrard Jerry  (OR)"]
[Result "0-1"]
[WhiteElo "2152"]
[BlackElo "2066"]
[Annotator ""]
[Source ""]
[Remark "Master"]

1.e4 c5 2.Nf3 d6 3.d4 cxd4 4.Nxd4 Nf6 5.Nc3 a6 6.Be2 e6 7.O-O
Be7 8.a4 O-O 9.Be3 Qc7 10.Nb3 Nbd7 11.f4 b6 12.Bf3 Bb7 13.Qe2
e5 14.f5 Rac8 15.Rfd1 Rfe8 16.g4 Nc5 17.Bxc5 bxc5 18.Nd2 c4 19.a5
Qc5+ 20.Kh1 d5 21.exd5 Nxd5 22.Nde4 Nxc3 23.bxc3 Qc7 24.Rdb1
Rb8 25.Rb6 Bxe4 26.Qxe4 Rxb6 27.axb6 Qxb6 28.Qxc4 Rd8 29.Qe2
a5 30.c4 Bg5 31.Bd5 Bf4 32.Qe1 Qh6 33.Qf2 Rb8 34.h4 Be3 35.Qg3
Qb6 36.Qxe5 Bd4 37.c5 Qb2 38.Qxb8+ Qxb8 39.Rxa5 Qb1+ 40.Kh2 Qg1+
41.Kh3 Qe3+ 0-1

[Event "Washington Class Championships"]
[Site "Seattle, WA"]
[Date "2015.11.28"]
[Round "4"]
[White "Kypriotakis Kyriakos  (OR)"]
[Black "Jain Eva  (WA)"]
[Result "1-0"]
[WhiteElo "1069"]
[BlackElo "544"]
[Annotator ""]
[Source ""]
[Remark "Class E"]

1.e4 e5 2.d4 exd4 3.c3 dxc3 4.Bc4 cxb2 5.Bxb2 Bb4+ 6.Nc3 Bxc3+
7.Bxc3 Qe7 8.Qf3 Nf6 9.O-O-O Qa3+ 10.Kb1 Qa4 11.Bb3 Qxe4+ 12.Qxe4+
Nxe4 13.Re1 f5 14.f3 d5 15.fxe4 dxe4 16.Nf3 Nc6 17.Rhf1 Bd7 18.Nh4
g5 19.Nxf5 O-O-O 20.Bxh8 Rxh8 21.Ng3 Be8 22.Bd5 e3 23.Rxe3 Bg6+
24.Ka1 Rd8 25.Bxc6 bxc6 26.Nf5 Rf8 27.Ne7+ Kd8 28.Rxf8+ Kd7 29.Nxg6
Kd6 30.Rd8+ Kc5 31.Nf8 Kb6 32.Nxh7 g4 33.Nf6 g3 34.Rxg3 Kb7 35.Nd7
a6 36.Rb3+ Ka7 37.Nc5 a5 38.Rb7# 1-0

[Event "Washington Class Championships"]
[Site "Seattle, WA"]
[Date "2015.11.28"]
[Round "4"]
[White "Magnani Christopher  (WA)"]
[Black "Kam Ethan  (WA)"]
[Result "1-0"]
[WhiteElo "1309"]
[BlackElo "1174"]
[Annotator ""]
[Source ""]
[Remark "Class D"]

1.d4 d5 2.c4 c6 3.Nf3 Nf6 4.Nc3 Bf5 5.e3 e6 6.Bd3 Bxd3 7.Qxd3
Bb4 8.O-O Nbd7 9.a3 Ba5 10.b4 Bc7 11.Re1 O-O 12.e4 dxe4 13.Nxe4
Qe7 14.Bg5 Rad8 15.Nxf6+ Nxf6 16.Re4 h6 17.Rh4 hxg5 18.Nxg5 g6
19.Qh3 Nh5 20.Rxh5 gxh5 21.Qxh5 f6 22.Qg6+ Qg7 23.Qxg7+ Kxg7
24.Nxe6+ Kf7 25.Nxf8 Kxf8 26.Rd1 Be5 27.d5 cxd5 28.c5 d4 29.g3
d3 30.f4 Bc3 31.Kf2 d2 32.Ke3 Re8+ 33.Kd3 Re1 34.Kc2 Rxd1 35.Kxd1
Kf7 36.Kc2 Ke6 37.h4 Kf5 38.h5 Kg4 39.h6 f5 40.Kd1 Kxg3 41.h7
Kxf4 42.b5 Ke4 43.c6 bxc6 44.bxc6 Ba5 45.h8Q Ke3 46.Qe5+ Kd3
47.Qxa5 f4 48.Qxd2+ Ke4 49.c7 f3 50.c8Q a5 51.Qe6# 1-0